Chimpanzees / (Record no. 3803)

MARC details
000 -LEADER
fixed length control field 00964cam a22002774a 4500
005 - DATE AND TIME OF LATEST TRANSACTION
control field 20250826143951.0
020 ## - INTERNATIONAL STANDARD BOOK NUMBER
International Standard Book Number 9781600449468
040 ## - CATALOGING SOURCE
Original cataloging agency DLC
Transcribing agency DLC
Modifying agency BTCTA
-- BAKER
-- DLC
Language of cataloging eng
050 00 - LIBRARY OF CONGRESS CALL NUMBER
Classification number QL737.P96
Item number 2008
082 00 - DEWEY DECIMAL CLASSIFICATION NUMBER
Classification number 599.885
100 1# - MAIN ENTRY--PERSONAL NAME
Personal name Armentrout, David
Dates associated with a name 1962-
245 10 - TITLE STATEMENT
Title Chimpanzees /
Statement of responsibility, etc. David and Patricia Armentrout.
260 ## - PUBLICATION, DISTRIBUTION, ETC.
Place of publication, distribution, etc. Vero Beach, Florida ;
Name of publisher, distributor, etc. Rourke Publishing LLC ;
Date of publication, distribution, etc. 2008
300 ## - PHYSICAL DESCRIPTION
Extent 24 pages :
Other physical details color illustrations ;
Dimensions 21 cm.
490 0# - SERIES STATEMENT
Series statement Amazing apes
490 0# - SERIES STATEMENT
Series statement Rourke discovery library
505 ## - FORMATTED CONTENTS NOTE
Formatted contents note K <br/>
520 ## - SUMMARY, ETC.
Summary, etc. This book introduces chimpanzees (great apes), describing their physical characteristics, behavior, habitats, and endangered status.
521 ## - TARGET AUDIENCE NOTE
Target audience note 510 <br/>
Source Lexile estimate <br/>
521 ## - TARGET AUDIENCE NOTE
Target audience note K <br/>
Source Raz-Plus <br/>
650 #0 - SUBJECT ADDED ENTRY--TOPICAL TERM
Topical term or geographic name entry element Chimpanzees
Form subdivision Juvenile literature.
700 1# - ADDED ENTRY--PERSONAL NAME
Personal name Armentrout, Patricia,
Dates associated with a name 1960-
906 ## - LOCAL DATA ELEMENT F, LDF (RLIN)
a 7
b cbc
c orignew
d 1
e ecip
f 20
g y-gencatlg
942 ## - ADDED ENTRY ELEMENTS (KOHA)
Source of classification or shelving scheme Dewey Decimal Classification
Koha item type Books
Suppress in OPAC No
999 ## -
-- 3803
-- 3803
Holdings
Withdrawn status Lost status Source of classification or shelving scheme Damaged status Not for loan Collection Home library Current library Shelving location Date acquired Total Checkouts Full call number Barcode Date last seen Price effective from Koha item type Copy number
    Dewey Decimal Classification     Non-Fiction Footprints International School Library Network Toul Tom Poung Campus Footprints International School Library Network Toul Tom Poung Campus TTP Primary Yellow Bookshelves 05/09/2024   ARM 599.885 QL737.P96 FISTK00777 05/09/2024 05/09/2024 Books  
    Dewey Decimal Classification     Non-Fiction Footprints International School Library Network Toul Tom Poung Campus Footprints International School Library Network Toul Tom Poung Campus TTP Primary Yellow Bookshelves 08/26/2025   ARM 599.885 QL737.P96 2025-4257 08/26/2025 08/26/2025 Books 2